Scientia Iranica. Transaction E, Industrial engineering

Detalles Bibliográficos
Título anterior:Scientia Iranica
Formato: Electrónico Revista
Lenguaje:inglés
Publicado: Tehran, Iran : Sharif University of Technology
Materias:
Acceso en línea:Full text available from Research Library: 06/01/2009 to present

MARC

LEADER 00000nas a2200000 a 4500
001 ssj0000492369
003 WaSeSS
005 20200512172242.0
006 m d
007 cr n
008 100907c20099999ir fr p s | 0eng c
010 |a  2010261099 
035 |a (WaSeSS)ssj0000492369 
040 |a HNK  |b eng  |c HNK  |d HNK  |d OCLCQ  |d OCLCF  |d OCLCQ  |d OCLCO  |d OCLCQ  |d CUS  |d NTG  |d WaSeSS 
042 |a pcc 
050 1 4 |a T55.4  |b .S35 
245 0 0 |a Scientia Iranica.  |n Transaction E,  |p Industrial engineering  |h [electronic resource]. 
246 1 3 |a Industrial engineering 
246 1 3 |a Transaction E, Industrial engineering 
260 |a Tehran, Iran :  |b Sharif University of Technology 
310 |a Semiannual 
362 1 |a Began with: Vol. 16, no. 1 (June 2009). 
506 |a License restrictions may limit access. 
588 |a Description based on: Vol. 16, no. 1 (June 2009); title from title information screen (ProQuest, viewed Sept. 8, 2010). 
588 |a Latest issue consulted: Vol. 17, no. 1 (June 2010). 
650 0 |a Industrial engineering  |v Periodicals. 
650 0 |a Science  |v Periodicals. 
650 0 |a Technology  |v Periodicals. 
650 7 |a Industrial engineering.  |2 fast  |0 (OCoLC)fst00970992 
650 7 |a Science.  |2 fast  |0 (OCoLC)fst01108176 
650 7 |a Technology.  |2 fast  |0 (OCoLC)fst01145078 
655 0 |a Electronic journals. 
776 0 8 |i Print version:  |t Scientia Iranica. Transaction E, Industrial engineering  |w (DLC) 2009252227  |w (OCoLC)426526805 
780 0 1 |t Scientia Iranica  |w (OCoLC)595682259 
856 4 0 |z Full text available from Research Library: 06/01/2009 to present  |u https://search.proquest.com/publication/54704